Click the Country - Museum - Statistics

General Stats
  • This quiz has been taken 192 times
  • The average score is 13 of 20
Answer Stats
Hint Explanation Answer % Correct
Louvre Paris France
96%
Acropolis Museum Athens Greece
94%
Apartheid Museum Johannesburg South Africa
92%
Rijksmuseum Amsterdam Netherlands
85%
Smithsonian Washington DC USA
83%
Museo Frida Kahlo Mexico City Mexico
79%
Victoria and Albert London UK
78%
Etihad Museum Dubai UAE
73%
Coptic Museum Cairo Egypt
72%
Uffizi Gallery Florence Italy
70%
State Hermitage Museum Saint Petersburg Russia
68%
Prado Madrid Spain
67%
Humboldt Forum Berlin Germany
62%
Musée de la Civilisation Quebec City Canada
47%
Powerhouse Museum Sydney Australia
45%
Mevlâna Konya Turkey
43%
Oscar Niemeyer Museum Curitiba Brazil
42%
Salar Jung Museum Hyderabad India
34%
Nezu Museum Tokyo Japan
34%
M+ Hong Kong China
19%
No matching quizzes found
Score Distribution
Percent of People with Each Score
Percentile by Number Answered
Your Score History
You have not taken this quiz